000 00939nam a22002897a 4500
003 CHAP
005 20220329141608.0
008 971013s1963 r 00010 d
010 _a70725
011 _a71697
035 _a81251
040 _cCHAP
082 _a334.683
_bD37
100 0 0 _aDarin-Drabkin, H.
_931080
245 _aEstructura socioeconómica del Kibutz
_b: aldea agrícola colectiva
260 _a(s.l.) Organización de los Estados Americanos,
_c1963
300 _a137 p.
590 _aBATCH-UPD
_b10
_c20130110
_lUCH01
_h0503
590 _aBATCH-UPD
_b10
_c20130110
_lUCH01
_h2220
590 _aCONVERSION
_b10
_c20130109
_lUCH01
_h1339
650 1 4 _aAgricultura cooperativa
_xIsrael.
_91969
650 1 4 _aKibbuts.
_963163
901 _aBK
942 _cLIBRO
949 _a334.683 D37
_bBC
_cLIBRO
_d33724000335121
_eLIBRO
_h59975
_i81251
_si
949 _a334.683 D37
_bBC
_cLIBRO
_d33724002324330
_eLIBRO
_fc.2
_h116230
_i81251
_sb
999 _c70725
_d70725